000 00254nam a22001217a 4500
008 170921b xxu||||| |||| 00| 0 eng d
041 _aeng
080 _a7
100 _a45
101 _aART
245 _aTHE ART OF ASIA
_cHORVATH.T
942 _2udc
_cBK
999 _c28669
_d28669